<?xml version="1.0" encoding="UTF-8"?><?xml-stylesheet type="text/xsl" href="static/style.xsl"?><OAI-PMH xmlns="http://www.openarchives.org/OAI/2.0/" xmlns:xsi="http://www.w3.org/2001/XMLSchema-instance" xsi:schemaLocation="http://www.openarchives.org/OAI/2.0/ http://www.openarchives.org/OAI/2.0/OAI-PMH.xsd"><responseDate>2026-06-07T16:52:25Z</responseDate><request verb="GetRecord" identifier="oai:docta.ucm.es:20.500.14352/62877" metadataPrefix="marc">https://docta.ucm.es/rest/oai/request</request><GetRecord><record><header><identifier>oai:docta.ucm.es:20.500.14352/62877</identifier><datestamp>2023-09-12T15:05:53Z</datestamp><setSpec>com_20.500.14352_14</setSpec><setSpec>col_20.500.14352_22</setSpec></header><metadata><record xmlns="http://www.loc.gov/MARC21/slim" xmlns:dcterms="http://purl.org/dc/terms/" xmlns:xsi="http://www.w3.org/2001/XMLSchema-instance" xmlns:doc="http://www.lyncode.com/xoai" xsi:schemaLocation="http://www.loc.gov/MARC21/slim http://www.loc.gov/standards/marcxml/schema/MARC21slim.xsd">
   <leader>00925njm 22002777a 4500</leader>
   <datafield ind2=" " ind1=" " tag="042">
      <subfield code="a">dc</subfield>
   </datafield>
   <datafield ind2=" " ind1=" " tag="720">
      <subfield code="a">Cremades Rodríguez, Ana Isabel</subfield>
      <subfield code="e">author</subfield>
   </datafield>
   <datafield ind2=" " ind1=" " tag="260">
      <subfield code="c">2002</subfield>
   </datafield>
   <datafield ind2=" " ind1=" " tag="520">
      <subfield code="a">En el trabajo de investigación desarrollado en esta tesis doctoral se han caracterizado láminas de diamante crecidas mediante deposición química a partir de fase vapor (cvd) mediante catadoluminiscencia (cl), fotoluminiscencia con resolución temporal (trpl), raman, electroluminiscencia (el), y corriente inducida por el haz de electrones de un microscopio electrónico de barrido (ebic). Se han estudiado en detalle láminas sin tratar, correlacionando los resultados de las medidas con los parámetros de la deposición y la estructura de defectos de las láminas. Asimismo, se ha prestado atención al efecto de la irradiación con láser sobre la luminiscencia de las láminas. Con ebic y el se han estudiado las propiedades de recombinación de portadores. Como complemento al estudio del diamante, se han incluido algunos resultados sobre la luminiscencia de laminas epitaxiales de gan.</subfield>
   </datafield>
   <datafield ind1="8" ind2=" " tag="024">
      <subfield code="a">978-84-669-0396-7</subfield>
   </datafield>
   <datafield ind1="8" ind2=" " tag="024">
      <subfield code="a">https://hdl.handle.net/20.500.14352/62877</subfield>
   </datafield>
   <datafield ind2="0" ind1="0" tag="245">
      <subfield code="a">Caracterización microestructural de láminas de diamante por técnicas de inyección de haces</subfield>
   </datafield>
</record></metadata></record></GetRecord></OAI-PMH>